Lost to the West : the forgotten Byzantine Empire that rescued Western civilization /

محفوظ في:

المؤلف الرئيسي: Brownworth, Lars (مؤلف)

التنسيق: كتاب

اللغة: English

منشور في: New York : [Crown Publishers], c2009.

الطبعة: 1st ed.

الموضوعات:

الوسوم: إضافة وسم

لا توجد وسوم, كن أول من يضع وسما على هذه التسجيلة!

رقم الطلب: DF552 .B76 2009

LEADER 01010namaa2200313 4500
001 22206
003 OSt
005 20260106120748.0
008 130303s2009 nyub b 001 0deng d
010 |a 2009279520 
020 |a 9780307407955 
040 |c ARCE Library 
043 |a mm----- 
050 4 |a DF552 .B76 2009 
100 1 |a Brownworth, Lars,  |e author  |9 27409 
245 1 0 |a Lost to the West :   |b the forgotten Byzantine Empire that rescued Western civilization /   |c Lars Brownworth. 
250 |a 1st ed. 
264 1 |a New York :  |b [Crown Publishers],  |c c2009. 
300 |a xviii, 329 pages :  |b maps ;  |c 25 cm. 
500 |a Maps on lining papers. 
504 |a Includes bibliographical references (pages 305-307) and index. 
555 |a Sara.lib 
650 0 |a Civilization, Western  |x History. 
651 0 |a Byzantine Empire  |x History. 
651 0 |a Byzantine Empire  |x Civilization. 
651 0 |a Byzantine Empire  |x Kings and rulers  |v Biography. 
901 |a reviewed 
942 |c BK  |2 lcc 
999 |c 20805  |d 20805